00669nam a2200241 a 4500001001300000003000900013005001700022008004100039020001000080082001600090100001600106245002400122260004000146300000900186500003500195505001700230650001800247700001600265902000800281942000700289952011600296999001500412nice12345678IN_TiNIC20260116012012.0050524s1950 u. a grp 000 0 eng  ac10000a270.82bPAC aPache, Rene aEcumenical Movement aU. S. abTheological Seminaryc1950 a130p aincludes index and biblioraphy2 aBibliography aEcumenicalism1 aPache, Rene bSRS cBK 001040708StackRoom-aHMIbHMId2007-07-18g100.00l0o270.82 PACp08816r2007-07-18v100.00w2005-05-24yBK c5233d5233